000 00587nam a2200229Ia 4500
003 OSt
005 20221005084234.0
006 a|||||r|||| 00| 0
007 ta
008 221004b |||||||| |||| 00| 0 eng d
024 _a40916
037 _cTextual
040 _aCRL
_cCRL
_beng
041 _2eng
_aeng
082 _aO-;1k, L4
245 0 _aPrinceton encyclopedia of poetry and poetics
260 _aNew Jersey
_bPrinceton
_c1974
300 _axxiv, 992p
_ccm.
650 _aENGLISH LITERATURE
942 _hO-;1k, L4
_cTEXL
_2cc
999 _c992226
_d992226